000 005900000a22001810004500
003 MACL
005 20160429133204.0
008 160429b xxu||||| |||| 00| 0 eng d
040 _aMACL
_cMACL
041 _aHindi
082 _a800 RAY
100 _aराय श्रीमती शकुन्‍तला
_954735
245 _aहिन्‍दी उपन्‍यास और सर्वहारा वर्ग
260 _bअनिल प्रकाशन
_c2006
_aइलाहाबाद
350 _a250
650 _aNovel
_954736
942 _cHIN
_k800/RAY/N
_2ddc
999 _c11180
_d11180